| 000 | 00495nam a2200169 a 4500 | ||
|---|---|---|---|
| 005 | 20140412111319.0 | ||
| 008 | 000818s19uu xx 00 eng d | ||
| 020 | _a0-87449-179-7 | ||
| 050 |
_aER _bSh1 1982 |
||
| 100 | _aRizzo, Fran | ||
| 245 |
_aShapes : _ba honey bear shape board book / _cwritten & illustrated by Fran Rizzo. |
||
| 260 |
_aNew York : _bModern Publishing, _c1982. |
||
| 300 | _a1 v. (unp.) ; ill. | ||
| 440 | _aHoney Bear Board Books | ||
| 650 | _aShapes | ||
| 999 |
_c104343 _d104343 |
||